Представление документа в формате RUSMARC

ПолеНазваниеЗначение
  Тип записи i
  Библиографический уровень m
001 Контрольный номер RU/IS/BASE/466006600
005 Дата корректировки 20260515115934.9
010 Индекс ISBN __
a ISBN 978-5-9677-2006-2
d Цена 218-25
100 Данные общей обработки __
a Данные общей обработки 19141007d2013||||||| 0rusy0189 ca
101 Язык документа 0_
a Язык текста rus
102 Страна публикации __
a Страна публикации ru
105 Кодированные данные (монография) __
a Кодированные данные (монография) mu|||||||||zy
127 Кодированные данные (звукозаписи-физические характеристики) __
a Продолжительность проигрывания 5 ч 03 мин
200 Заглавие и сведения об ответственности 1_
a Заглавие Темные аллеи
e Сведения, относящиеся к заглавию [12+]
f Первые сведения об ответственности Иван Бунин ; [роли исполняют Дмитрий Назаров и Ольга Васильева ; автор инсценировки и режиссер Борис Эрин ; композитор Владимир Багров ; звукорежиссер Андрей Коновалов ; редактор Наталия Шолохова]
b Общее обозначение материала Звукозапись
210 Выходные данные 1_
a Место издания Москва
c Издательство 1С-Паблишинг
d Дата издания 2013
215 Физическое описание __
a Объем 1 электрон. опт. диск (Audio CD)
c Иллюстрации/тип воспроизводства mp3, stereo
d Формат 12х14 см
225 Серия 2_
a Серия 1С: Аудиотеатр
230 Специфическая характеристика материала: электронные ресурсы __
a Обозначение и объем ресурса Электронные звуковые данные
323 Примечание о главных создателях, исполнителях, участниках __
a Примечание о главных создателях, исполнителях, участниках Назаров, Д. (читает)
323 Примечание о главных создателях, исполнителях, участниках __
a Примечание о главных создателях, исполнителях, участниках Васильева, О. (читает)
327 Примечание о содержании 0_
a Примечание о содержании Красавица
327 Примечание о содержании 0_
a Примечание о содержании Ночлег
327 Примечание о содержании 0_
a Примечание о содержании Кума
327 Примечание о содержании 0_
a Примечание о содержании Месть
327 Примечание о содержании 0_
a Примечание о содержании Пароход "Саратов"
327 Примечание о содержании 0_
a Примечание о содержании Таня
327 Примечание о содержании 0_
a Примечание о содержании Натали
327 Примечание о содержании 0_
a Примечание о содержании Чистый понедельник
327 Примечание о содержании 0_
a Примечание о содержании Галя Ганская
327 Примечание о содержании 0_
a Примечание о содержании Генрих
327 Примечание о содержании 0_
a Примечание о содержании Мадрид
327 Примечание о содержании 0_
a Примечание о содержании В Париже
330 Аннотация __
a Аннотация Написанный во время Второй мировой войны, цикл рассказов Темные аллеи посвящен самому "антивоенному", самому жизнеутверждающему из доступных нам чувств. Каждый рассказ воспевает любовь, которая, в понимании Бунина-художника, представляет собой одно из вершинных состояний человеческой души и сердца. Темные аллеи входят в программу изучения литературы в российских общеобразовательных школах. Слушателям предлагается аудиопостановка по рассказам из этого цикла.
333 Примечание о целевом назначении __
a Примечание о целевом назначении 12+. Для детей старше 12 лет
337 Примечание о системных требованиях (электронные ресурсы) __
a Примечание о системных требованиях (электронные ресурсы) Системные требования: MS Windows 95/98/2000/ XP/Vista/7 ; Pentium 100 ; ОЗУ 16 Мб ; SVGA, 800x600 ; CD/DVD-ROM ; звуковая карта ; колонки или наушники ; мышь ; аудиосистемы с поддержкой формата MP3: музыкальный центр ; CD/DVD-плеер и т.д.
606 Тематические рубрики __
a Основная рубрика Музыка и зрелищные искусства
606 Тематические рубрики __
a Основная рубрика Художественное радиовещание
610 Ключевые слова 0_
a Ключевые слова аудиопостановки
a Ключевые слова аудиоспектакли
a Ключевые слова классика
a Ключевые слова проза
a Ключевые слова рассказы
a Ключевые слова тема взаимоотношений
a Ключевые слова тема жизни
a Ключевые слова тема любви
a Ключевые слова тема России
a Ключевые слова тема судьбы
a Ключевые слова тема человека
686 Индексы других классификаций __
2 Код системы rubbks
a Классификационный индекс 85.381.3(2)-7я04; ст85.38я0
700 Автор _1
a Фамилия Бунин
b Имя И. А.
g Полное личное имя Иван Алексеевич
4 Код отношения 070
702 Вторичная интеллектуальная ответственность _1
a Фамилия Эрин
b Имя Б.
4 Код отношения Сценарист
4 Код отношения 690
4 Код отношения 070
702 Вторичная интеллектуальная ответственность _1
a Фамилия Коновалов
b Имя А. С.
4 Код отношения Звукорежиссер
4 Код отношения 570
702 Вторичная интеллектуальная ответственность _1
a Фамилия Шолохова
b Имя Н.
4 Код отношения Редактор
4 Код отношения 340
702 Вторичная интеллектуальная ответственность _1
a Фамилия Багров
b Имя В.
4 Код отношения Композитор
4 Код отношения 230
801 Источник записи _0
a Страна ru
b Организация Муниципальное бюджетное учреждение культуры "Централизованная библиотечная система" г. Сургут (Центральная городская библиотека им. А. С. Пушкина)
c Дата составления 20141007
g Правила каталогизации КиК/Лукашук
801 Источник записи _1
a Страна ru
b Организация Муниципальное бюджетное учреждение культуры "Централизованная библиотечная система" г. Сургут (Центральная городская библиотека им. А. С. Пушкина)
c Дата составления 20141007
g Правила каталогизации КиК/Лукашук
852 Данные о местонахождении __
j Шифр хранения 85.381.3(2)-7я04
i Авторский знак Б 91
901 Тип документа __
t Тип документа 0
903 Характеристики (МАРС) __
a Дата передачи 20141007
969 Тип издания __
a Тип издания аудиоспектакль; издание для слепых; сборник
990 Данные о заказе (DOS) __
j Количество экземпляров (DOS) 6
t N записи в КСУ для И/У (DOS) 201410